Statistics for How many times can you type L I E C H T E N S T E I N in 15 Seconds?

Click here to take the quiz!

General Stats

  • This quiz has been taken 3,200 times
  • The average score is 58 of 130

Answer Stats

Letter% Correct
L
100%
I
97%
E
95%
C
94%
H
93%
T
91%
E
90%
N
90%
S
89%
T
88%
E
87%
I
87%
N
86%
I
85%
L
85%
C
83%
E
83%
H
83%
E
82%
T
82%
N
81%
S
81%
E
80%
T
80%
I
79%
N
79%
L
78%
I
77%
C
76%
E
76%
H
75%
E
74%
T
74%
N
73%
S
73%
T
73%
E
72%
I
71%
N
71%
L
70%
I
69%
C
68%
E
68%
H
67%
T
66%
E
65%
N
64%
S
64%
T
63%
E
62%
I
62%
N
61%
L
59%
I
58%
E
56%
C
55%
H
54%
T
53%
E
51%
N
50%
S
49%
T
48%
E
47%
I
46%
N
46%
L
44%
E
42%
I
42%
C
41%
H
40%
T
38%
E
37%
N
36%
S
35%
T
34%
E
33%
I
32%
N
32%
I
30%
L
30%
E
29%
C
28%
H
27%
T
26%
E
25%
N
24%
S
23%
T
22%
E
21%
I
21%
N
20%
L
18%
I
17%
E
16%
C
14%
H
14%
E
13%
T
13%
N
12%
S
12%
E
10%
I
10%
N
10%
T
10%
L
9%
E
8%
I
8%
C
7%
E
7%
H
7%
T
7%
N
6%
S
6%
E
5%
I
5%
L
5%
N
5%
T
5%
C
4%
E
4%
H
4%
I
4%
E
3%
E
3%
I
3%
N
3%
N
3%
S
3%
T
3%
T
3%

Score Distribution

Percentile by Number Answered

Percent of People with Each Score

Your Score History

You have not taken this quiz